Symmetry operators of the nonlocal fisher- kolmogorov-petrovskii-piskunov equation with a quadratic operator; Russian Physics Journal; Vol. 56, iss. 12

Bibliographische Detailangaben
Parent link:Russian Physics Journal: Scientific Journal
Vol. 56, iss. 12.— 2014.— [P. 1415-1426]
1. Verfasser: Levchenko E. A. Evgeny Anatolievich
Körperschaft: Национальный исследовательский Томский политехнический университет (ТПУ) Физико-технический институт (ФТИ) Кафедра высшей математики и математической физики (ВММФ)
Weitere Verfasser: Trifonov A. Yu. Andrey Yurievich, Shapovalov A. V. Aleksandr Vasilyevich
Zusammenfassung:Title screen
A class of nonlinear symmetry operators has been constructed for the many-dimensional nonlocal Fisher- Kolmogorov-Petrovskii-Piskunov equation quadratic in independent variables and derivatives. The construction of each symmetry operator includes an interwining operator for the auxiliary linear equations and additional nonlinear algebraic conditions. Symmetry operators for the one-dimensional equation with a constant influence function have been constructed in explicit form and used to obtain a countable set of exact solutions.
Режим доступа: по договору с организацией-держателем ресурса
Sprache:Englisch
Veröffentlicht: 2014
Schlagworte:
Online-Zugang:http://elibrary.ru/item.asp?id=21873589
http://dx.doi.org/10.1007/s11182-014-0194-x
Format: MixedMaterials Elektronisch Buchkapitel
KOHA link:https://koha.lib.tpu.ru/cgi-bin/koha/opac-detail.pl?biblionumber=639912

MARC

LEADER 00000naa0a2200000 4500
001 639912
005 20250227092949.0
035 |a (RuTPU)RU\TPU\network\4425 
035 |a RU\TPU\network\4387 
090 |a 639912 
100 |a 20150402d2014 k||y0rusy50 ba 
101 0 |a eng 
135 |a drcn ---uucaa 
181 0 |a i  
182 0 |a b 
200 1 |a Symmetry operators of the nonlocal fisher- kolmogorov-petrovskii-piskunov equation with a quadratic operator  |f E. A. Levchenko, A. Yu. Trifonov, A. V. Shapovalov 
203 |a Text  |c electronic 
300 |a Title screen 
320 |a [References: p. 1426 (15 tit.)] 
330 |a A class of nonlinear symmetry operators has been constructed for the many-dimensional nonlocal Fisher- Kolmogorov-Petrovskii-Piskunov equation quadratic in independent variables and derivatives. The construction of each symmetry operator includes an interwining operator for the auxiliary linear equations and additional nonlinear algebraic conditions. Symmetry operators for the one-dimensional equation with a constant influence function have been constructed in explicit form and used to obtain a countable set of exact solutions. 
333 |a Режим доступа: по договору с организацией-держателем ресурса 
461 |t Russian Physics Journal  |o Scientific Journal 
463 |t Vol. 56, iss. 12  |v [P. 1415-1426]  |d 2014 
610 1 |a электронный ресурс 
610 1 |a труды учёных ТПУ 
700 1 |a Levchenko  |b E. A.  |c mathematician  |c technician, Senior Lecturer of Tomsk Polytechnic University, candidate of physico-mathematical Sciences  |f 1988-  |g Evgeny Anatolievich  |3 (RuTPU)RU\TPU\pers\31735  |9 15848 
701 1 |a Trifonov  |b A. Yu.  |c physicist, mathematician  |c Professor of Tomsk Polytechnic University, Doctor of physical and mathematical sciences  |f 1963-2021  |g Andrey Yurievich  |3 (RuTPU)RU\TPU\pers\30754  |9 15024 
701 1 |a Shapovalov  |b A. V.  |c mathematician  |c Professor of Tomsk Polytechnic University, Doctor of physical and mathematical sciences  |f 1949-  |g Aleksandr Vasilyevich  |3 (RuTPU)RU\TPU\pers\31734  |9 15847 
712 0 2 |a Национальный исследовательский Томский политехнический университет (ТПУ)  |b Физико-технический институт (ФТИ)  |b Кафедра высшей математики и математической физики (ВММФ)  |3 (RuTPU)RU\TPU\col\18727 
801 2 |a RU  |b 63413507  |c 20151216  |g RCR 
856 4 |u http://elibrary.ru/item.asp?id=21873589 
856 4 0 |u http://dx.doi.org/10.1007/s11182-014-0194-x 
942 |c CF